[Event "The Barroom Brawl"]
[Site "SchemingMind.com"]
[Date "2014.03.11"]
[Round "-"]
[White "Phillip Beckett"]
[Black "The Stonewall"]
[Result "0-1"]
[WhiteCountry "ENG"]
[BlackCountry "ENG"]
[WhiteElo "1517"]
[WhiteRD "50"]
[BlackElo "2421"]
[BlackRD "86"]
[GameID "349262"]

1. e4 c5 2. Nf3 a6 3. d4 cxd4 4. Nxd4 Nf6 5. Nc3 e5 6. Nf5 d5 7. Ne3 d4 8. Ned5 dxc3 9. Nxf6+ Qxf6 10. bxc3 Qc6
11. Qd3 Be6 12. Bg5 Nd7 13. Be2 Nc5 14. Qe3 Qxe4 15. Qxe4 Nxe4 16. Bd2 O-O-O 17. O-O-O Ba3+ 18. Kb1 Nxd2+ 19. Ka1 Ne4 20. f3 Nxc3
21. Rxd8+ Rxd8 22. Bd3 g6
0-1

[Event "The Barroom Brawl"]
[Site "SchemingMind.com"]
[Date "2014.03.15"]
[Round "-"]
[White "The Stonewall"]
[Black "kenneth m day"]
[Result "1-0"]
[WhiteCountry "ENG"]
[BlackCountry "USA"]
[WhiteElo "2457"]
[WhiteRD "91"]
[BlackElo "1757"]
[BlackRD "49"]
[GameID "349263"]

1. d4 Nf6 2. Bg5 e6 3. Nd2 Be7 4. e4 d5 5. e5 Nfd7 6. Bxe7 Qxe7 7. Bd3 f6 8. f4 O-O 9. c3 c5 10. Ngf3 fxe5
11. fxe5 cxd4 12. cxd4 Nc6 13. O-O Rf7 14. Rc1 Nf8 15. a3 Bd7 16. g3 Rc8 17. b4 a6 18. Qe2 Ng6 19. Nb3 Rff8 20. h4 Be8
21. Kg2 Qf7 22. Nc5 Rc7 23. Ng5 Qe7 24. Bxg6 Bxg6 25. Rxf8+ Qxf8 26. Ngxe6 Qf7 27. Nxc7 Qxc7 28. Qg4 b6 29. Nxa6 Qb7 30. b5 Be4+
31. Kg1 Nxd4 32. Rc8+ Kf7 33. Rc7+
1-0

[Event "The Barroom Brawl"]
[Site "SchemingMind.com"]
[Date "2014.03.15"]
[Round "-"]
[White "kenneth m day"]
[Black "The Stonewall"]
[Result "0-1"]
[WhiteCountry "USA"]
[BlackCountry "ENG"]
[WhiteElo "1769"]
[WhiteRD "48"]
[BlackElo "2430"]
[BlackRD "90"]
[GameID "349264"]

1. e4 Nc6 2. d4 e5 3. Nf3 exd4 4. c3 d5 5. exd5 Qxd5 6. cxd4 Bg4 7. Be2 Bb4+ 8. Bd2 Bxd2+ 9. Qxd2 Bxf3 10. Bxf3 Qe6+
11. Qe3 Nxd4 12. Qxe6+ fxe6 13. Be4 Nf6 14. Bd3 Rd8 15. Nc3 Nf3+ 16. Ke2 Nd4+ 17. Kd2 O-O 18. Rhe1 Ng4 19. Rad1 Nxf2 20. Rc1 Nxd3
21. Kxd3 Nf3+ 22. Ke2 Nxe1 23. Rxe1 c6 24. Ne4 Rf5 25. Ke3 Kf7 26. Ng3 Rfd5 27. Re2 Rd3+ 28. Kf2 Rd2 29. Rxd2 Rxd2+
0-1

[Event "The Barroom Brawl"]
[Site "SchemingMind.com"]
[Date "2014.03.15"]
[Round "-"]
[White "The Stonewall"]
[Black "SAMAEL"]
[Result "1-0"]
[WhiteCountry "ENG"]
[BlackCountry "CAN"]
[WhiteElo "2457"]
[WhiteRD "91"]
[BlackElo "1720"]
[BlackRD "55"]
[GameID "349267"]

1. d4 d5 2. c4 e6 3. Nc3 Nf6 4. cxd5 Nxd5 5. e4 Nxc3 6. bxc3 c5 7. Nf3 Be7 8. a3 O-O 9. Bd3 h6 10. O-O a6
11. Bc2 Nc6 12. Qd3 f5 13. Re1 g6 14. d5 Na7 15. Bxh6 Rf7 16. exf5 exf5 17. d6 Bxd6 18. Ng5 Rd7 19. Qc4+
1-0

[Event "The Barroom Brawl"]
[Site "SchemingMind.com"]
[Date "2014.03.15"]
[Round "-"]
[White "SAMAEL"]
[Black "The Stonewall"]
[Result "0-1"]
[WhiteCountry "CAN"]
[BlackCountry "ENG"]
[WhiteElo "1752"]
[WhiteRD "56"]
[BlackElo "2474"]
[BlackRD "93"]
[GameID "349268"]

1. e4 d5 2. exd5 Qxd5 3. Nf3 Bg4 4. Be2 Nc6 5. Nc3 Qd7 6. d3 O-O-O 7. h3 Bf5 8. O-O e5 9. Nh2 Nf6 10. f3 Bc5+
11. Kh1 Qe7 12. Qe1 Nd4 13. Bd1 Qe8 14. Ne2 h5 15. Be3 Nd5 16. Bxd4 exd4 17. a3 Ne3 18. Rf2 Qd7 19. Ng3 Be7 20. Nxf5 Nxf5
21. Nf1 Bh4 22. Qd2 Bxf2 23. Qxf2 Qb5 24. b3 g5 25. Ng3 Nxg3+ 26. Qxg3 Rde8 27. Qf2 Re3 28. Be2 Qc5 29. Bf1 g4 30. Rd1 gxh3
31. gxh3 Qxa3 32. Rd2 Rg8 33. Re2 Qc1 34. Rxe3 dxe3 35. Qe2 Qd2 36. Qxd2 exd2 37. Be2 Re8
0-1

[Event "The Barroom Brawl"]
[Site "SchemingMind.com"]
[Date "2014.03.15"]
[Round "-"]
[White "The Stonewall"]
[Black "Simon Green"]
[Result "1-0"]
[WhiteCountry "ENG"]
[BlackCountry "ENG"]
[WhiteElo "2421"]
[WhiteRD "86"]
[BlackElo "1602"]
[BlackRD "54"]
[GameID "349269"]

1. d4 e6 2. c4 d5 3. Nf3 Nf6 4. g3 Bb4+ 5. Bd2 Bxd2+ 6. Nbxd2 O-O 7. Bg2 c6 8. O-O Nbd7 9. Qc2 h6 10. e4 Nb6
11. b3 Bd7 12. e5 Ne8 13. Rfe1 f5 14. exf6 Nxf6 15. Ne5 Qc7 16. Bh3 c5 17. Nxd7 Nbxd7 18. Bxe6+ Kh8 19. cxd5 Qd6 20. Nc4 Qf4
21. gxf4
1-0

[Event "The Barroom Brawl"]
[Site "SchemingMind.com"]
[Date "2014.03.15"]
[Round "-"]
[White "Simon Green"]
[Black "The Stonewall"]
[Result "0-1"]
[WhiteCountry "ENG"]
[BlackCountry "ENG"]
[WhiteElo "1602"]
[WhiteRD "54"]
[BlackElo "2421"]
[BlackRD "86"]
[GameID "349270"]

1. d4 g6 2. e3 Bg7 3. Bd3 d6 4. f4 Nf6 5. Nf3 O-O 6. O-O Nc6 7. c3 e5 8. fxe5 dxe5 9. Bc2 e4 10. Nfd2 Qe7
11. b3 Re8 12. Qe1 Bf5 13. Ba3 Qd7 14. Nc4 b5 15. Ncd2 a5 16. Qg3 Nd5 17. c4 Nxe3
0-1

[Event "The Barroom Brawl"]
[Site "SchemingMind.com"]
[Date "2014.03.11"]
[Round "-"]
[White "The Stonewall"]
[Black "Chessibelle"]
[Result "1-0"]
[WhiteCountry "ENG"]
[BlackCountry "ENG"]
[WhiteElo "2421"]
[WhiteRD "86"]
[BlackElo "1189"]
[BlackRD "58"]
[GameID "349271"]

1. d4 d5 2. c4 Nf6 3. cxd5 Qxd5 4. Nc3 Qd8 5. e4 e5 6. d5 Bd6 7. Be2 Na6 8. Bxa6 bxa6 9. Nf3 O-O 10. O-O Qd7
11. Qd3 Rb8 12. b3 Qg4 13. Bg5 Nh5 14. Rac1 h6 15. h3 Qd7 16. Be3 Qe7 17. Bxa7 Ra8 18. Be3 f6 19. Nh4 g5 20. Ng6 Kf7
21. Nxf8 Kxf8 22. Na4 Nf4 23. Qd2 Bd7 24. Nc5 Bc8 25. Rc4 Qd8 26. Rfc1 Qe7 27. Nd3 Qf7 28. Bc5 Kg7 29. Bxd6 Qh5 30. Rxc7+ Kg6
31. Nxf4+ gxf4 32. Rxc8 Ra7 33. R1c7 f3 34. Rg8#
1-0

[Event "The Barroom Brawl"]
[Site "SchemingMind.com"]
[Date "2014.03.11"]
[Round "-"]
[White "Chessibelle"]
[Black "The Stonewall"]
[Result "0-1"]
[WhiteCountry "ENG"]
[BlackCountry "ENG"]
[WhiteElo "1189"]
[WhiteRD "58"]
[BlackElo "2421"]
[BlackRD "86"]
[GameID "349272"]

1. Nf3 b6 2. Nc3 Bb7 3. e4 Nf6 4. d3 e6 5. Bd2 Be7 6. a3 O-O 7. Be2 c5 8. O-O Nc6 9. Be3 d5 10. Qc1 d4
11. Bd2 dxc3 12. Bxc3 Rc8 13. g3 Nd4 14. Bd1 Qd7 15. b3 Rfd8 16. Ne1 Ne8 17. Ng2 Nd6 18. a4 f5 19. Qf4 e5 20. Qe3 fxe4
21. b4 N6f5 22. Qe1 Nf3+ 23. Bxf3 exf3 24. Ne3 Nxe3 25. fxe3 cxb4 26. Bxe5 Qd5 27. d4 f2+
0-1

[Event "The Barroom Brawl"]
[Site "SchemingMind.com"]
[Date "2014.03.15"]
[Round "-"]
[White "The Stonewall"]
[Black "Sully7"]
[Result "1-0"]
[WhiteCountry "ENG"]
[BlackCountry "IRL"]
[WhiteElo "2430"]
[WhiteRD "90"]
[BlackElo "2133"]
[BlackRD "62"]
[GameID "349273"]

1. d4 b6 2. e4 Bb7 3. Bd3 e6 4. Nc3 Bb4 5. Ne2 c5 6. Bd2 cxd4 7. Nxd4 Nc6 8. Nxc6 Bxc6 9. O-O Bd6 10. Qe2 Qc7
11. f4 Ne7 12. a4 Ng6 13. g3 Bc5+ 14. Be3 O-O 15. Nb5 Qb7 16. Bf2 d5 17. e5 a5 18. c3 Bxb5 19. Bxb5 Rfd8 20. Rad1 Bxf2+
21. Rxf2 Qc7 22. Qe3 Qc5 23. Rd4 Ne7 24. g4 Nc8 25. Bd3 Ne7 26. Qh3 h6 27. Bb5 Qc7 28. Qg3 Nc6 29. Bxc6 Qxc6 30. f5 Rdc8
31. Qf4 Qe8 32. h4 Rc4 33. Rxc4 dxc4 34. f6 Rd8 35. fxg7 Kxg7 36. g5 h5 37. Qf3 Rd5 38. Qxh5 Kg8 39. g6 fxg6 40. Qg5 Kh7
41. Rf6 Rd7 42. Qg4 Rg7 43. Qxc4 Qd7 44. Qd4 Qc6 45. Kh2 Rd7 46. Qf4 Qd5 47. Rf7+ Rxf7 48. Qxf7+ Kh6 49. Qf4+ Kg7 50. Kg3 Qd3+
51. Qf3 Qc4 52. Qf6+ Kh7 53. Qe7+ Kh6 54. Qd8 Kh7 55. Qd6 Kg7 56. Qd7+ Kh6 57. Qd2+ Kg7 58. Qd4 Qe2 59. b4 axb4 60. cxb4 Qe1+
61. Kf3 Qf1+ 62. Ke3 Qh3+ 63. Kd2 Qh2+ 64. Kc3 Qa2 65. Qxb6 Qxa4 66. Qxe6 Qa3+ 67. Qb3
1-0

[Event "The Barroom Brawl"]
[Site "SchemingMind.com"]
[Date "2014.03.15"]
[Round "-"]
[White "Sully7"]
[Black "The Stonewall"]
[Result "1/2-1/2"]
[WhiteCountry "IRL"]
[BlackCountry "ENG"]
[WhiteElo "2084"]
[WhiteRD "64"]
[BlackElo "2421"]
[BlackRD "86"]
[GameID "349274"]

1. e4 g6 2. d4 Bg7 3. c4 c5 4. d5 e5 5. Nf3 d6 6. Bd3 Ne7 7. O-O O-O 8. Nc3 Nd7 9. Re1 Nf6 10. h3 Bd7
11. Be3 a6 12. Rb1 Qc7 13. Qd2 Nh5 14. b4 b6 15. bxc5 bxc5 16. Bg5 Bf6 17. Be3=
1/2-1/2

[Event "The Barroom Brawl"]
[Site "SchemingMind.com"]
[Date "2014.03.15"]
[Round "-"]
[White "The Stonewall"]
[Black "Stephen Woodhouse"]
[Result "1-0"]
[WhiteCountry "ENG"]
[BlackCountry "ENG"]
[WhiteElo "2421"]
[WhiteRD "86"]
[BlackElo "1901"]
[BlackRD "84"]
[GameID "349275"]

1. c4 e6 2. g3 f5 3. Bg2 Nf6 4. Nf3 d5 5. O-O c6 6. d3 dxc4 7. dxc4 Qxd1 8. Rxd1 Be7 9. Bf4 Nbd7 10. Nc3 O-O
11. h3 Nb6 12. b3 Bd7 13. a4 Rac8 14. a5 Na8 15. Ne5 Rfd8 16. a6 bxa6 17. Rxa6 h6 18. Rxa7 Rc7 19. Rxc7 Nxc7 20. Ng6
1-0

[Event "The Barroom Brawl"]
[Site "SchemingMind.com"]
[Date "2014.03.15"]
[Round "-"]
[White "Stephen Woodhouse"]
[Black "The Stonewall"]
[Result "0-1"]
[WhiteCountry "ENG"]
[BlackCountry "ENG"]
[WhiteElo "1901"]
[WhiteRD "84"]
[BlackElo "2421"]
[BlackRD "86"]
[GameID "349276"]

1. e4 d5 2. exd5 Qxd5 3. Nf3 Bg4 4. Be2 Nc6 5. d4 O-O-O 6. Be3 Nh6 7. Nbd2 Nf5 8. c3 e5 9. c4 Qa5 10. d5 Nxe3
11. fxe3 Bxf3 12. Bxf3 Bc5 13. Qb3 Ne7 14. Ke2 f5 15. e4 Nc6 16. Rhd1 Nd4+
0-1